Prognóza českého trhu multikín diplomová práca

Uložené v:
Podrobná bibliografia
Hlavný autor: Čillík, Mário
Korporativný autor: Fakulta podnikového manažmentu EU. Katedra manažmentu
Ďalší autori: Mišún, Juraj, 1978-
Médium: Kniha
Jazyk:Slovak
Vydavateľské údaje: Bratislava 2015
Tagy: Pridať tag
Žiadne tagy, Buďte prvý, kto otaguje tento záznam!

MARC

LEADER 00000nbm a2200000 4500
001 0201207
005 20161212100728.8
041 0 |a slo 
044 |a SK 
245 1 0 |a Prognóza českého trhu multikín  |b diplomová práca  |c Mário Čillík ; školiteľ: Juraj Mišún 
264 1 |a Bratislava  |c 2015 
300 |a 73 s. 
100 1 |a Čillík, Mário 
700 1 |a Mišún, Juraj, 1978- 
710 2 |a Fakulta podnikového manažmentu EU. Katedra manažmentu